000 00614cam a22002051 4500
001 sa 68002998
003 DLC
005 20260227112448.0
008 710903s1965 ii 000 0 eng
010 _asa 68002998
025 _aPL480:I-E-6839
040 _aDLC
_cDLC
_dDLC
050 0 0 _aPK2377
_b.S8 no. 2
100 1 _aGhatage, A. M.
_q(Amrit Madhav),
_d1913-2003.
245 1 0 _aKuḍāḷī,
_cby A. M. Ghatage.
260 _aBombay,
_bThe State Board for Literature and Culture,
_c1965.
300 _aii, iii, 150 p.
_c22 cm.
440 2 _aA survey of Marathi dialects,
_v2
650 0 _aKuḍāḷī dialect.
999 _c79152
_d79152